000
00286nam a22001217a 4500
008
250428b |||||||| |||| 00| 0 eng d
050
_a
JC 330
_b
.G37
100
_a
Gardner John W.
245
_a
On Leadership
260
_a
New York
_b
The Free Press
_c
1990
300
_a
220p.
942
_c
BK
999
_c
3192
_d
3192